Normal view
MARC view
- Diseases.
Entry Topical Term
001 - CONTROL NUMBER
- control field: 41914
003 - CONTROL NUMBER IDENTIFIER
- control field: OSt
005 - DATE AND TIME OF LATEST TRANSACTION
- control field: 20200305115338.0
008 - FIXED-LENGTH DATA ELEMENTS
- fixed length control field: 200305|| aca||aabn | a|a d
040 ## - CATALOGING SOURCE
- Original cataloging agency: OSt
- Transcribing agency: OSt
150 ## - HEADING--TOPICAL TERM
- Topical term or geographic name entry element: Diseases.
670 ## - SOURCE DATA FOUND
- Source citation: Work cat.: (OSt): 41913 Ramos, Mariejo S. Author,, Possible meningococcemia case reported in Valenzuela City hospital/, ©2019.
